Rudolf Lesňák: Umenie živého slova

Bibliographic Details
Main Author: Lajcha, Ladislav, 1932-2018 (Author)
Format: Article
Language:Slovak
Subjects:

MARC

LEADER 00000nab a2200000 a 4500
001 vtls000133753
003 SK-MaSNL
005 20260304073744.0
008 250423c1982 xo 0 slo
015 |a SNBRB19rr/mm-uuuuu 
035 |a CL0143859 
035 |a urn:nbn:sk:snk-abek0w 
035 |a (urnnbn)urn:nbn:sk:snk:ar-003c9k 
035 |a (uuid)6f18e683-e3bd-4d27-992b-a9e2e3f6214d 
040 |a SNKBUCL  |b slo  |c SNKBUCL  |e AACR2 
041 0 |a slo 
044 |a xo  |c SK 
080 |a 82.09:82.085(048)  |2 1981 
080 |a 82.085(048)  |2 1981 
080 |a 82  |2 1981 
080 |a 792.2.096(048)  |2 1981 
100 1 |a Lajcha, Ladislav,  |d 1932-2018  |4 aut  |9 15109 
245 1 0 |a Rudolf Lesňák: Umenie živého slova  |c Ladislav Lajcha 
500 |a V rubrike Knihy, recenzie, glosy 
650 0 7 |a rétorika  |2 snkbucl  |9 989 
650 0 7 |a hlasová tvorba  |2 snkbucl  |9 1313624 
650 0 7 |a rozhlasová tvorba  |2 snkbucl  |9 2913 
650 0 7 |a recitácie  |2 snkbucl  |9 31371 
655 7 |a recenzie  |2 snkbucl  |9 21907 
655 7 |a články z novín a časopisov  |2 snkbucl  |9 267496 
655 7 |a články z odboru literárna veda a krásna literatúra  |2 snkbucl  |9 770045 
773 0 |t Slovenské pohľady  |g Roč. 98, č. 10 (1982), s. 120-121 
787 0 8 |i Rec.:  |a Lesňák, Rudolf  |t Umenie živého slova  |d Bratislava : Veda, 1980 
850 |a Slovenská národná knižnica 
852 |a Slovenská národná knižnica 
954 |a odborná, vedecká literatúra pôvodná (slovenská)  |2 lita 
958 |a article27 
958 |a RK 
958 |a LX 
958 |a OND 
958 |a EUIPO 
992 |a RBX 
999 |c 2773228  |d 2775158